000 00335nam a2200121Ia 4500
008 151001s9999||||xx |||||||||||||| ||und||
100 _aA. P. Karmarkrs
245 _aMystic Teachings of the Haridas of karnatak
260 _bDr.K.S.kamalapul
260 _c1939
300 _a130
365 _b9
999 _c950061
_d950058